| 000 -LEADER |
| fixed length control field |
01610cam a2200397 a 4500 |
| 001 - CONTROL NUMBER |
| control field |
10794776 |
| 003 - CONTROL NUMBER IDENTIFIER |
| control field |
USPCAS-E |
| 005 - DATE AND TIME OF LATEST TRANSACTION |
| control field |
20180118181419.0 |
| 008 - FIXED-LENGTH DATA ELEMENTS--GENERAL INFORMATION |
| fixed length control field |
030402s2003 enka b 101 0 eng |
| 015 ## - NATIONAL BIBLIOGRAPHY NUMBER |
| National bibliography number |
GBA3-26239 |
| 020 ## - INTERNATIONAL STANDARD BOOK NUMBER |
| International Standard Book Number |
1860584039 |
| 024 ## - OTHER STANDARD IDENTIFIER |
| Standard number or code |
99958549698 |
| 035 ## - SYSTEM CONTROL NUMBER |
| System control number |
(OCoLC)51992324 |
| 035 ## - SYSTEM CONTROL NUMBER |
| System control number |
(OCoLC)ocm51992324 |
| 035 ## - SYSTEM CONTROL NUMBER |
| System control number |
(NNC)10794776 |
| 040 ## - CATALOGING SOURCE |
| Original cataloging agency |
UKM |
| Transcribing agency |
UKM |
| Modifying agency |
AGL |
| -- |
CUV |
| -- |
OCLCQ |
| -- |
YDXCP |
| 050 #4 - LIBRARY OF CONGRESS CALL NUMBER |
| Classification number |
TJ807.2 |
| Item number |
.I57 2002 |
| 070 0# - NATIONAL AGRICULTURAL LIBRARY CALL NUMBER |
| Classification number |
TJ807.2 |
| Item number |
.I583 2002 |
| 082 04 - DEWEY DECIMAL CLASSIFICATION NUMBER |
| Classification number |
662.88 |
| Edition number |
21 |
| Author Mark |
IME 2003 |
| 111 2# - MAIN ENTRY--MEETING NAME |
| Meeting name or jurisdiction name as entry element |
International Conference on Renewable Bioenergy: Technologies, Risks, and Rewards |
| Date of meeting |
(2002 : |
| Location of meeting |
London, England) |
| 245 10 - TITLE STATEMENT |
| Title |
International Conference on Renewable Bioenergy - Technologies, Risks, and Rewards : |
| Remainder of title |
29-30 October 2002 at IMechE Headquarters, London, UK / |
| Statement of responsibility, etc. |
organized by the Renewable Power Committee of the Institution of Mechanical Engineers (IMechE). |
| 260 ## - PUBLICATION, DISTRIBUTION, ETC. |
| Place of publication, distribution, etc. |
Bury St Edmunds : |
| Name of publisher, distributor, etc. |
Professional Engineering for IMechE, |
| Date of publication, distribution, etc. |
2003. |
| 300 ## - PHYSICAL DESCRIPTION |
| Extent |
219 p. : |
| Other physical details |
ill. ; |
| Dimensions |
25 cm. |
| 490 1# - SERIES STATEMENT |
| Series statement |
IMechE conference transactions |
| International Standard Serial Number |
1356-1448 ; |
| Volume/sequential designation |
2003-3 |
| 500 ## - GENERAL NOTE |
| General note |
Spine title: Renewable bioenergy. |
| 502 ## - DISSERTATION NOTE |
| Dissertation note |
. |
| 504 ## - BIBLIOGRAPHY, ETC. NOTE |
| Bibliography, etc. note |
Includes bibliographical references and index. |
| 650 #0 - SUBJECT ADDED ENTRY--TOPICAL TERM |
| Topical term or geographic name entry element |
Renewable energy sources |
| Form subdivision |
Congresses. |
| 650 #0 - SUBJECT ADDED ENTRY--TOPICAL TERM |
| Topical term or geographic name entry element |
Agricultural wastes as fuel |
| Form subdivision |
Congresses. |
| 650 #0 - SUBJECT ADDED ENTRY--TOPICAL TERM |
| Topical term or geographic name entry element |
Biomass energy |
| Form subdivision |
Congresses. |
| 710 2# - ADDED ENTRY--CORPORATE NAME |
| Corporate name or jurisdiction name as entry element |
Institution of Mechanical Engineers (Great Britain). |
| Subordinate unit |
Renewable Power Committee. |
| 830 #0 - SERIES ADDED ENTRY--UNIFORM TITLE |
| Uniform title |
IMechE conference transactions ; |
| Volume/sequential designation |
2003-3. |
| 942 ## - ADDED ENTRY ELEMENTS (KOHA) |
| Source of classification or shelving scheme |
|
| Koha item type |
Book |
| 948 1# - LOCAL PROCESSING INFORMATION (OCLC); SERIES PART DESIGNATOR (RLIN) |
| Series part designator, SPT (RLIN) |
20140625 |
| b (OCLC) |
c |
| c (OCLC) |
sl13 |
| d (OCLC) |
MPS |